THEORY OF AUTOMATA AND FORMAL LANGUAGES (Record no. 5331)

MARC details
000 -LEADER
fixed length control field 00460nam a22001817a 4500
005 - DATE AND TIME OF LATEST TRANSACTION
control field 20180205123106.0
008 - FIXED-LENGTH DATA ELEMENTS--GENERAL INFORMATION
fixed length control field 170329b xxu||||| |||| 00| 0 eng d
020 ## - INTERNATIONAL STANDARD BOOK NUMBER
ISBN 978-81-318-0600-5
041 ## - LANGUAGE CODE
Language code of text/sound track or separate title eng
082 ## - DEWEY DECIMAL CLASSIFICATION NUMBER
Classification number 511.131
100 ## - MAIN ENTRY--AUTHOR NAME
Personal name SHARMA,ANAND
245 ## - TITLE STATEMENT
Title THEORY OF AUTOMATA AND FORMAL LANGUAGES
250 ## - EDITION STATEMENT
Edition statement 2nd,2006
260 ## - PUBLICATION, DISTRIBUTION, ETC. (IMPRINT)
Name of publisher UNIVERSITY SCIENCE PRESS
Year of publication 2009
Place of publication BANGALORE
300 ## - PHYSICAL DESCRIPTION
Number of Pages 522
650 ## - SUBJECT ADDED ENTRY--TOPICAL TERM
Topical Term ENGINEERING
942 ## - ADDED ENTRY ELEMENTS (KOHA)
Koha item type Books
Holdings
Lost status Damaged status Home library Current library Shelving location Date acquired Source of acquisition Cost, normal purchase price Full call number Accession Number Koha item type Collection code
    JRU Library   SHELF-6-A 28/03/2017 PURCHASE 395.00 21482 21482 Books  
    JRU Library JRU Library SHELF-50-B 28/03/2017 PURCHASE 395.00 21482 21483 Books CS/IT